[Event "SVK-chT4 A21 1920"]
[Site "Slovakia"]
[Date "2019.10.13"]
[Round "1.5"]
[White "Svarc, Vaclav"]
[Black "Benci, Jozef"]
[Result "0-1"]
[WhiteElo "1132"]
[BlackElo "1132"]
[PlyCount "96"]
[EventDate "2019.10.13"]
[EventType "team-tourn"]
[EventRounds "11"]
[EventCountry "SVK"]
[SourceTitle "CBM 193 Extra"]
[Source "ChessBase"]
[SourceDate "2020.01.31"]
[SourceVersion "1"]
[SourceVersionDate "2020.01.31"]
[SourceQuality "1"]
[WhiteTeam "Brezova pod Bradlom"]
[BlackTeam "Senica CVC II"]
[WhiteTeamCountry "SVK"]
[BlackTeamCountry "SVK"]

1. e4 e5 2. Nf3 Nc6 3. Nc3 Nf6 4. Bc4 Bc5 5. d3 0-0 6. Be3 Bb6 7. d4 d6 8. d5 Ne7 9. Qd2 Bg4 10. h3 Bh5 11. g4 Bg6 12. Qd3 c6 13. Bg5 cxd5 14. exd5 Bxd3 15. Bxd3 Nd7 16. Nd2 f6 17. Bh4 Qc7 18. Nb5 Qc5 19. c4 Ng6 20. Bg3 Nf4 21. Bf5 Rad8 22. Rf1 g6 23. Bxf4 exf4 24. Be6+ Kg7 25. 0-0-0 Ba5 26. b3 Ne5 27. Kb1 f5 28. gxf5 gxf5 29. Rg1+ Kf6 30. Rg2 a6 31. a3 Bxd2 32. Nxd6 Qxd6 33. Rxd2 Qxe6 34. dxe6 Rxd2 35. e7 Kxe7 36. Rg7+ Rf7 37. Rg8 Rxf2 38. Rb8 b5 39. cxb5 axb5 40. Rxb5 Rf1+ 41. Kc2 Kd6 42. Kc3 Rf3+ 43. Kd4 Re7 44. Rb6+ Nc6+ 45. Kc4 Re4+ 46. Kb5 Rxb3+ 47. Ka6 Rxb6+ 48. Kxb6 f3 0-1

[Event "SVK-chT4 A21 1819"]
[Site "Slovakia"]
[Date "2018.12.16"]
[Round "5.5"]
[White "Svarc, Vaclav"]
[Black "Tomasovic, Roman"]
[Result "1/2-1/2"]
[WhiteElo "1178"]
[BlackElo "1548"]
[PlyCount "56"]
[EventDate "2018.10.14"]
[EventType "team-tourn"]
[EventRounds "11"]
[EventCountry "SVK"]
[SourceTitle "CBM 189 Extra"]
[Source "ChessBase"]
[SourceDate "2019.06.03"]
[SourceVersion "1"]
[SourceVersionDate "2019.06.03"]
[SourceQuality "1"]
[WhiteTeam "Brezova pod Bradlom"]
[BlackTeam "Stefanov"]
[WhiteTeamCountry "SVK"]
[BlackTeamCountry "SVK"]

1. e4 e5 2. Nf3 Nc6 3. Bb5 Bc5 4. d3 d6 5. Bg5 Nge7 6. c3 0-0 7. Bxc6 bxc6 8. d4 exd4 9. cxd4 Bb4+ 10. Nc3 Qe8 11. 0-0 Bg4 12. Qd3 Ng6 13. Rae1 h6 14. Bd2 Qc8 15. h3 Bxf3 16. Qxf3 c5 17. a3 Ba5 18. b4 cxb4 19. axb4 Bb6 20. Nb5 a6 21. Nc3 Bxd4 22. Nd5 Qb7 23. Bc3 Bxc3 24. Qxc3 Rfc8 25. f3 c6 26. Ne3 Rab8 27. Rb1 Nf4 28. Qd2 Ne6 1/2-1/2

[Event "SVK-chT4 A21 1617"]
[Site "Slovakia"]
[Date "2017.02.26"]
[Round "10.5"]
[White "Svarc, Vaclav"]
[Black "Hrdlicka, Martin"]
[Result "0-1"]
[WhiteElo "1184"]
[BlackElo "1343"]
[PlyCount "38"]
[EventDate "2016.10.09"]
[EventType "team-tourn"]
[EventRounds "11"]
[EventCountry "SVK"]
[SourceTitle "EXT 2020"]
[Source "ChessBase"]
[SourceDate "2019.10.17"]
[SourceVersion "1"]
[SourceVersionDate "2019.10.17"]
[SourceQuality "1"]
[WhiteTeam "Brezova pod Bradlom"]
[BlackTeam "Senica CVC II"]
[WhiteTeamCountry "SVK"]
[BlackTeamCountry "SVK"]

1. e4 e5 2. Nf3 Nc6 3. Bb5 a6 4. Ba4 Nf6 5. Nc3 d6 6. d3 Be7 7. Bg5 Be6 8. Bb3 0-0 9. Nd5 Nxd5 10. Bxd5 Bxg5 11. h4 Bh6 12. g4 Bxg4 13. Rg1 Bxf3 14. Qxf3 Nd4 15. Qd1 c6 16. Bb3 Qf6 17. c3 Nf3+ 18. Kf1 Nxg1 19. Kxg1 Qxh4 0-1

[Event "SVK-chT4 A21 1617"]
[Site "Slovakia"]
[Date "2016.10.23"]
[Round "2.5"]
[White "Kuracina, Lubomir"]
[Black "Svarc, Vaclav"]
[Result "1-0"]
[WhiteElo "1000"]
[BlackElo "1188"]
[PlyCount "50"]
[EventDate "2016.10.09"]
[EventType "team-tourn"]
[EventRounds "11"]
[EventCountry "SVK"]
[SourceTitle "CBM 175 Extra"]
[Source "ChessBase"]
[SourceDate "2016.12.12"]
[SourceVersion "1"]
[SourceVersionDate "2016.12.12"]
[SourceQuality "1"]
[WhiteTeam "Chtelnica Kamenar"]
[BlackTeam "Brezova pod Bradlom"]
[WhiteTeamCountry "SVK"]
[BlackTeamCountry "SVK"]

1. e4 e5 2. Nf3 Nc6 3. Bb5 Nf6 4. Bxc6 bxc6 5. 0-0 d5 6. Nxe5 Qe7 7. Nxc6 Qd6 8. exd5 Qxd5 9. Nb4 Bxb4 10. Re1+ Be6 11. c3 Bd6 12. d4 0-0 13. Be3 Rab8 14. b4 Qc6 15. Nd2 Ng4 16. h3 Nxe3 17. fxe3 Bd5 18. e4 Be6 19. d5 Qb6+ 20. Kh1 Bd7 21. c4 Qf2 22. Nf3 c5 23. e5 Bc7 24. d6 Bb6 25. Qb3 Ba5 1-0

[Event "SVK-chT4 A21 1516"]
[Site "Slovakia"]
[Date "2016.03.13"]
[Round "10.5"]
[White "Keller, Jozef"]
[Black "Svarc, Vaclav"]
[Result "1-0"]
[WhiteElo "1594"]
[BlackElo "1234"]
[PlyCount "45"]
[EventDate "2015.10.04"]
[EventType "team-tourn"]
[EventRounds "11"]
[EventCountry "SVK"]
[SourceTitle "EXT 2017"]
[Source "ChessBase"]
[SourceDate "2016.10.25"]
[SourceVersion "1"]
[SourceVersionDate "2016.10.25"]
[SourceQuality "1"]
[WhiteTeam "Vrbove II"]
[BlackTeam "Brezova pod Bradlom"]
[WhiteTeamCountry "SVK"]
[BlackTeamCountry "SVK"]

1. d4 d5 2. g3 Nc6 3. Bg2 Nf6 4. Nf3 Bg4 5. Nbd2 e6 6. 0-0 Bd6 7. b3 Bxf3 8. Nxf3 0-0 9. Bb2 Ng4 10. Re1 Nb4 11. e4 c6 12. a3 Na6 13. b4 b6 14. Rc1 c5 15. dxc5 bxc5 16. bxc5 Nxc5 17. exd5 exd5 18. Qxd5 Qc7 19. Qg5 g6 20. Qxg4 Rad8 21. Qg5 Na4 22. Bf6 Rc8 23. Qh6 1-0

[Event "SVK-chT5 1516"]
[Site "Slovakia"]
[Date "2016.01.16"]
[Round "5.5"]
[White "Svarc, Vaclav"]
[Black "Sprusansky, Ferdinand"]
[Result "1-0"]
[WhiteElo "1234"]
[BlackElo "1401"]
[PlyCount "135"]
[EventDate "2015.10.24"]
[EventType "team-tourn"]
[EventRounds "9"]
[EventCountry "SVK"]
[SourceTitle "EXT 2017"]
[Source "ChessBase"]
[SourceDate "2016.10.25"]
[SourceVersion "1"]
[SourceVersionDate "2016.10.25"]
[SourceQuality "1"]
[WhiteTeam "Senica III"]
[BlackTeam "Kopcany"]
[WhiteTeamCountry "SVK"]
[BlackTeamCountry "SVK"]

1. e4 e5 2. Nf3 Nc6 3. Bb5 Nf6 4. Nc3 a6 5. Bc4 h6 6. d4 exd4 7. Nxd4 b5 8. Bb3 Ne5 9. Bf4 Nc4 10. Bxc4 bxc4 11. Qe2 c5 12. Nf5 d6 13. Rd1 Bxf5 14. exf5+ Qe7 15. Qxe7+ Bxe7 16. Bxd6 Rd8 17. Bxe7 Rxd1+ 18. Nxd1 Kxe7 19. 0-0 Re8 20. Re1+ Kf8 21. Rxe8+ Kxe8 22. Ne3 c3 23. bxc3 Ne4 24. c4 Kd7 25. Ng4 f6 26. f3 Nd6 27. Ne3 h5 28. g4 hxg4 29. fxg4 Ne4 30. Kg2 a5 31. Nd5 Kd6 32. Kf3 Nd2+ 33. Kf4 Nxc4 34. Ne3 Ne5 35. g5 c4 36. h4 c3 37. gxf6 gxf6 38. h5 Nf7 39. Ng4 Ke7 40. h6 Ng5 41. Ne5 a4 42. Nf3 Nf7 43. h7 Kd6 44. Nd4 Kc5 45. Ne2 Kb4 46. Kg4 Kc5 47. Nxc3 a3 48. Ne4+ Kb4 49. Kh5 Nh8 50. Kh6 Kc4 51. Kg7 Kd4 52. Kxh8 Kxe4 53. Kg7 Kxf5 54. h8Q Kf4 55. Kxf6 Ke4 56. Qd8 Ke3 57. Qd5 Ke2 58. Qd4 Ke1 59. Qd3 Kf2 60. Qe4 Kf1 61. Qe3 Kg2 62. Qf4 Kg1 63. Qf3 Kh2 64. Qg4 Kh1 65. Kf5 Kh2 66. Kf4 Kh1 67. Kf3 Kh2 68. Qg2# 1-0

[Event "SVK-chT4 A21 1516"]
[Site "Slovakia"]
[Date "2015.11.22"]
[Round "4.3"]
[White "Dest, Stanislav"]
[Black "Svarc, Vaclav"]
[Result "1-0"]
[WhiteElo "1402"]
[BlackElo "1113"]
[PlyCount "61"]
[EventDate "2015.10.04"]
[EventType "team-tourn"]
[EventRounds "11"]
[EventCountry "SVK"]
[SourceTitle "CBM 170 Extra"]
[Source "ChessBase"]
[SourceDate "2016.02.25"]
[SourceVersion "1"]
[SourceVersionDate "2016.02.25"]
[SourceQuality "1"]
[WhiteTeam "Senica SK II"]
[BlackTeam "Brezova pod Bradlom"]
[WhiteTeamCountry "SVK"]
[BlackTeamCountry "SVK"]

1. d4 d5 2. c4 c6 3. e3 Nf6 4. Nc3 e6 5. Nf3 Be7 6. Bd3 b6 7. 0-0 c5 8. b3 Nc6 9. dxc5 bxc5 10. Bb2 0-0 11. Qe2 Bd6 12. Rfd1 Bb7 13. Nb5 Bb8 14. Rac1 Qe7 15. Nc3 Qd6 16. g3 a6 17. Na4 Ba7 18. Bxf6 gxf6 19. Nh4 Ne5 20. Bb1 f5 21. cxd5 Bxd5 22. Nc3 Rad8 23. Nxd5 exd5 24. Nxf5 Qf6 25. Qh5 Qh8 26. Ne7+ Kg7 27. Qxe5+ f6 28. Qh5 Rfe8 29. Nf5+ Kg8 30. Rxd5 Rc8 31. Rd7 1-0

[Event "SVK-chT4 A21 1516"]
[Site "Slovakia"]
[Date "2015.11.08"]
[Round "3.5"]
[White "Svarc, Vaclav"]
[Black "Kaufman, Robert"]
[Result "0-1"]
[WhiteElo "1113"]
[BlackElo "1256"]
[PlyCount "114"]
[EventDate "2015.10.04"]
[EventType "team-tourn"]
[EventRounds "11"]
[EventCountry "SVK"]
[SourceTitle "CBM 170 Extra"]
[Source "ChessBase"]
[SourceDate "2016.02.25"]
[SourceVersion "1"]
[SourceVersionDate "2016.02.25"]
[SourceQuality "1"]
[WhiteTeam "Brezova pod Bradlom"]
[BlackTeam "Senica CVC II"]
[WhiteTeamCountry "SVK"]
[BlackTeamCountry "SVK"]

1. e4 e5 2. Nf3 Nf6 3. Nc3 Nc6 4. Bc4 Bc5 5. d3 h6 6. Be3 Bxe3 7. fxe3 d6 8. Qe2 Bg4 9. 0-0-0 Qd7 10. h3 Be6 11. d4 Bxc4 12. Qxc4 exd4 13. exd4 0-0-0 14. Rhe1 Rhe8 15. e5 d5 16. Qb5 Ne4 17. Nxe4 dxe4 18. Rxe4 Nxe5 19. Rxe5 Qxb5 20. Rxb5 Re2 21. Nh4 g5 22. Nf5 Rxg2 23. Nxh6 f6 24. Rb3 Re8 25. Rbd3 Ree2 26. R3d2 Rh2 27. Rxe2 Rxe2 28. Ng4 f5 29. Nf6 f4 30. Rg1 f3 31. Kd1 f2 32. Kxe2 fxg1Q 33. Ng4 Qxd4 34. Kf3 Qd1+ 35. Ke4 Qxc2+ 36. Ke5 Qxb2+ 37. Kf5 Qxa2 38. Kxg5 Qe6 39. h4 Kd7 40. h5 a5 41. h6 Qxh6+ 42. Kxh6 a4 43. Ne3 a3 44. Nc2 a2 45. Kg5 b5 46. Kf4 b4 47. Na1 Kd6 48. Ke3 Kd5 49. Kd3 c5 50. Kc2 c4 51. Kb2 b3 52. Nxb3 cxb3 53. Ka1 Kc4 54. Kb2 a1Q+ 55. Kxa1 Kc3 56. Kb1 b2 57. Ka2 Kc2 0-1

[Event "Senica op 4th"]
[Site "Senica"]
[Date "2012.08.07"]
[Round "9"]
[White "Svarc, Vaclav"]
[Black "Dekan, Stanislav"]
[Result "0-1"]
[WhiteElo "1000"]
[BlackElo "1000"]
[PlyCount "30"]
[EventDate "2012.08.03"]
[EventType "swiss"]
[EventRounds "9"]
[EventCountry "SVK"]
[SourceTitle "EXT 2014"]
[Source "ChessBase"]
[SourceDate "2013.11.20"]
[SourceVersion "1"]
[SourceVersionDate "2013.11.20"]
[SourceQuality "1"]

1. d4 d5 2. Nc3 Nf6 3. Nf3 g6 4. Bf4 Bf5 5. e3 e6 6. Bb5+ c6 7. Bd3 Nbd7 8. 0-0 Ne4 9. b3 Nxc3 10. Bxf5 Nxd1 11. Rfxd1 gxf5 12. Bg5 f6 13. Bf4 Bg7 14. Bd6 Nb6 15. Rd3 Qxd6 0-1

[Event "Senica op 4th"]
[Site "Senica"]
[Date "2012.08.07"]
[Round "8"]
[White "Svarc, Vaclav"]
[Black "Tomasovic, Pavol"]
[Result "0-1"]
[WhiteElo "1000"]
[BlackElo "1304"]
[PlyCount "42"]
[EventDate "2012.08.03"]
[EventType "swiss"]
[EventRounds "9"]
[EventCountry "SVK"]
[SourceTitle "EXT 2014"]
[Source "ChessBase"]
[SourceDate "2013.11.20"]
[SourceVersion "1"]
[SourceVersionDate "2013.11.20"]
[SourceQuality "1"]

1. d4 d5 2. Nc3 e6 3. Bf4 Nf6 4. e3 Be7 5. Bb5+ Bd7 6. Be2 0-0 7. Nf3 c5 8. 0-0 Qb6 9. Qd2 Nc6 10. Na4 Qa5 11. b3 Qxd2 12. Nxd2 cxd4 13. exd4 Nxd4 14. Bd1 Rac8 15. Rc1 b5 16. Nc3 Rxc3 17. Be5 Rc6 18. Bxd4 a5 19. c4 dxc4 20. bxc4 bxc4 21. Nxc4 Rfc8 0-1

[Event "Senica op 4th"]
[Site "Senica"]
[Date "2012.08.06"]
[Round "7"]
[White "Cerna, Lucia"]
[Black "Svarc, Vaclav"]
[Result "1-0"]
[WhiteElo "1061"]
[BlackElo "1000"]
[PlyCount "33"]
[EventDate "2012.08.03"]
[EventType "swiss"]
[EventRounds "9"]
[EventCountry "SVK"]
[SourceTitle "EXT 2014"]
[Source "ChessBase"]
[SourceDate "2013.11.20"]
[SourceVersion "1"]
[SourceVersionDate "2013.11.20"]
[SourceQuality "1"]

1. e4 e5 2. Nf3 Nc6 3. Bc4 Bc5 4. c3 Nf6 5. d3 0-0 6. Bg5 d6 7. 0-0 Bg4 8. Nbd2 Na5 9. Bb3 Nxb3 10. Qxb3 Bxf3 11. Nxf3 b5 12. d4 Bb6 13. dxe5 Qe8 14. exf6 gxf6 15. Bxf6 Qxe4 16. Qxb5 Qf4 17. Qg5+ 1-0

[Event "Senica op 4th"]
[Site "Senica"]
[Date "2012.08.05"]
[Round "4"]
[White "Svarc, Vaclav"]
[Black "Klimes, Karel"]
[Result "0-1"]
[WhiteElo "1000"]
[BlackElo "1567"]
[PlyCount "60"]
[EventDate "2012.08.03"]
[EventType "swiss"]
[EventRounds "9"]
[EventCountry "SVK"]
[SourceTitle "EXT 2014"]
[Source "ChessBase"]
[SourceDate "2013.11.20"]
[SourceVersion "1"]
[SourceVersionDate "2013.11.20"]
[SourceQuality "1"]

1. d4 f5 2. Nc3 Nf6 3. Nf3 g6 4. e3 Bg7 5. Bc4 e6 6. 0-0 d5 7. e4 dxc4 8. Bg5 0-0 9. e5 h6 10. Bxf6 Bxf6 11. exf6 Qxf6 12. Qe2 Nc6 13. Qxc4 Kg7 14. Ne5 Nxe5 15. dxe5 Qxe5 16. Rae1 Qd6 17. Rd1 Qb6 18. Na4 Qa5 19. Qd4+ e5 20. Qe3 Re8 21. Rd3 Qxa4 22. Rfd1 Qxc2 23. Qe1 Qxb2 24. Rd8 Be6 25. Rxa8 Rxa8 26. Rd2 Qb5 27. Qd1 Rf8 28. Rd8 Rxd8 29. Qxd8 Qb1+ 30. Qd1 Qxd1# 0-1

[Event "Senica op 4th"]
[Site "Senica"]
[Date "2012.08.03"]
[Round "1"]
[White "Svarc, Vaclav"]
[Black "Kotoucek, Jiri"]
[Result "0-1"]
[WhiteElo "1000"]
[BlackElo "1838"]
[PlyCount "52"]
[EventDate "2012.08.03"]
[EventType "swiss"]
[EventRounds "9"]
[EventCountry "SVK"]
[SourceTitle "EXT 2014"]
[Source "ChessBase"]
[SourceDate "2013.11.20"]
[SourceVersion "1"]
[SourceVersionDate "2013.11.20"]
[SourceQuality "1"]

1. d4 d5 2. Nc3 e6 3. Nf3 Nf6 4. Bf4 a6 5. e3 Be7 6. Bd3 Nbd7 7. 0-0 c5 8. dxc5 Nxc5 9. Be5 Nxd3 10. cxd3 Bd7 11. Bxf6 Bxf6 12. d4 Bc6 13. Ne5 Bxe5 14. dxe5 0-0 15. Na4 Qa5 16. Nc3 Rfd8 17. Rc1 Rac8 18. a3 h6 19. b4 Qxa3 20. b5 axb5 21. Qh5 Be8 22. Rfd1 Rxc3 23. h4 Rxc1 24. Rxc1 Qxc1+ 25. Kh2 d4 26. exd4 Qf4+ 0-1